| 000 | 00485nam a22001937a 4500 | ||
|---|---|---|---|
| 003 | MPLRDC | ||
| 005 | 20220104143805.0 | ||
| 008 | 210129b ||||| |||| 00| 0 eng d | ||
| 020 | _a957-669-158-3 | ||
| 082 | _a857.9 SYX-5 v.4 | ||
| 100 | _a孙玉鑫 | ||
| 245 |
_a威震江湖第一花. 第四部 _c |
||
| 250 | _a初版 | ||
| 260 |
_a _b万象图书 _c1992 |
||
| 300 | _b平 | ||
| 490 | _a现代武侠系列小说. 17 | ||
| 650 | _a武侠小说 | ||
| 942 |
_cBK _o857.9 SYX-5 v.4 |
||
| 999 |
_c43363 _d43353 |
||